000 00719nam a2200289Ia 4500
005 20260324115215.0
008 008 260324s9999 xx 000 0 eng d
020 _a9780429274114
037 _aEBOOK
040 _aCRL
040 _beng
040 _cCRL
041 _2eng
041 _aeng
084 _qCRL
100 _aHarendra Singh; Devendra Kumar; Dumitru Baleanu
_91153772
245 0 _aMethods of Mathematical Modelling
245 0 _bFractional Differential Equations
260 _bTaylor and Francis
260 _c2019
365 _a
365 _b320
856 _uhttp://www.taylorfrancis.com/books/9780429274114
942 _cEBOOK
999 _c1744489
_d1744489